Państwa Ameryki o najkrótszych nazwach - Statystyki

Ogólne statystyki
  • Ten quiz został rozwiązany 27 razy
  • Średni wynik to 8 z 10
Statystyki odpowiedzi
Państwo % Poprawnych
Chile
96%
Haiti
96%
Peru
96%
Belize
88%
Kuba
88%
Panama
88%
Gujana
75%
Meksyk
75%
Kanada
71%
Bahamy
63%
Nie znaleziono quizów pasujących do podanych kryteriów
Rozkład punktacji
Procent ludzi z każdym wynikiem
Percentyl według liczby udzielonych odpowiedzi
Twoja historia wyników
Nie rozwiązałeś tego quizu